Valuation of development property (Record no. 121131)

MARC details
000 -LEADER
fixed length control field 01300nam a22002417a 4500
001 - CONTROL NUMBER
control field K121131
008 - FIXED-LENGTH DATA ELEMENTS--GENERAL INFORMATION
fixed length control field 160218b2019 xxu||||| |||| 00| 0 eng d
041 ## - LANGUAGE CODE
Language code of text/sound track or separate title eng
110 ## - MAIN ENTRY--CORPORATE NAME
Corporate author Royal Institution of Chartered Surveyors
245 ## - TITLE STATEMENT
Title Valuation of development property
260 ## - PUBLICATION INFORMATION
Place of publication London,
Publisher RICS,
Date October 2019
300 ## - PHYSICAL DESCRIPTION
Physical description 59p.
490 ## - SERIES TITLE
Series statement RICS professional standards and guidance, global
490 ## - SERIES TITLE
Series statement RICS guidance note
500 ## - GENERAL NOTE
General note Effective from 1st Feb 2020
520 ## - ABSTRACT
Abstract Provides guidance for RICS professionals undertaking valuations of development property The principles set out in this guidance note apply to all valuations of development property and should be read in conjunction with RICS Valuation – Global Standards 2017 (Red Book Global Standards) – incorporating the International Valuation Standards (IVS), in particular IVS 410
520 ## - ABSTRACT
Abstract Supersedes Valuation Information Paper 12 - Valuation of Development Land (effective from 1st March 2008 to 31st Jan 2020), ISBN 9781842194010
650 ## - KEYWORDS
Keywords Development property
651 ## - SUBJECT ADDED ENTRY--GEOGRAPHIC NAME
Geographic name United Kingdom
690 ## - BROAD SUBJECT
9 (RLIN) 6273
Broad subject Valuation
856 ## - ONLINE RESOURCE
Uniform Resource Identifier <a href="https://www.rics.org/content/dam/ricsglobal/documents/to-be-sorted/valuation-of-development-property---first-edition.pdf">https://www.rics.org/content/dam/ricsglobal/documents/to-be-sorted/valuation-of-development-property---first-edition.pdf</a>
Public note Available on RICS.org
942 ## - ADDED ENTRY ELEMENTS (KOHA)
Suppress in OPAC Do not suppress in OPAC
Holdings
Lost status Damaged status Not for loan Home library Current library Shelving location Date acquired Total Checkouts Date last seen Price effective from Koha item type
      Virtual Virtual Online 16/10/2019   16/10/2019 16/10/2019 Book